| 000 | 00502nam a22001937a 4500 | ||
|---|---|---|---|
| 003 | OSt | ||
| 005 | 20170328182916.0 | ||
| 008 | 170328b xxu||||| |||| 00| 0 eng d | ||
| 020 | _a9780471572701 | ||
| 040 | _cDDC. | ||
| 082 | _a539ROH 1994. | ||
| 100 |
_aRohlf William ,James; _911996 |
||
| 245 | _aModern Physics fron a to z: | ||
| 260 |
_aCanada; _bJohn Wiley &sons,Inc. _c1994. |
||
| 300 |
_ax,646p; _bill: _c27cm. |
||
| 504 | _aincludes index. | ||
| 650 |
_aphysics. _9809 |
||
| 942 |
_2ddc _cO_SHELF |
||
| 999 |
_c5770 _d5770 |
||